[Event "Ruhrgebiet-ch Seniors 11th"]
[Site "Essen"]
[Date "2004.03.22"]
[Round "7"]
[White "Liszka, Guenter"]
[Black "Stemmer, Harald"]
[Result "1/2-1/2"]
[WhiteElo "1745"]
[BlackElo "1772"]
[PlyCount "40"]
[EventDate "2004.03.08"]
[EventType "swiss"]
[EventRounds "9"]
[EventCountry "GER"]
[SourceTitle "EXT 2006"]
[Source "ChessBase"]
[SourceDate "2005.11.24"]
[SourceVersion "1"]
[SourceVersionDate "2005.11.24"]
[SourceQuality "1"]

1. e4 Nf6 2. Nc3 d5 3. e5 d4 4. exf6 dxc3 5. fxg7 cxd2+ 6. Qxd2 Qxd2+ 7. Bxd2 Bxg7 8. 0-0-0 Nc6 9. Bb5 Bd7 10. Nh3 h6 11. Rhe1 e6 12. Nf4 0-0-0 13. Nh5 Bf8 14. Nf6 Bd6 15. Nxd7 Rxd7 16. f4 a6 17. Bxc6 bxc6 18. g3 h5 19. Re4 Rhd8 20. Ree1 Bc5 1/2-1/2

[Event "Ruhrgebiet-ch Seniors 11th"]
[Site "Essen"]
[Date "2004.03.17"]
[Round "6"]
[White "Maletzki, Heinz"]
[Black "Stemmer, Harald"]
[Result "0-1"]
[WhiteElo "1580"]
[BlackElo "1772"]
[PlyCount "68"]
[EventDate "2004.03.08"]
[EventType "swiss"]
[EventRounds "9"]
[EventCountry "GER"]
[SourceTitle "EXT 2006"]
[Source "ChessBase"]
[SourceDate "2005.11.24"]
[SourceVersion "1"]
[SourceVersionDate "2005.11.24"]
[SourceQuality "1"]

1. c4 e6 2. Nc3 Nf6 3. e4 d5 4. e5 d4 5. exf6 dxc3 6. fxg7 cxd2+ 7. Qxd2 Qxd2+ 8. Bxd2 Bxg7 9. Rb1 c5 10. g3 Bd7 11. Bg2 Bc6 12. Bxc6+ Nxc6 13. Ne2 0-0 14. Be3 b6 15. 0-0 Rad8 16. a3 Ne5 17. b3 Nf3+ 18. Kg2 Nd2 19. Bxd2 Rxd2 20. Ng1 Rfd8 21. Nh3 Ra2 22. a4 Rdd2 23. Rfd1 Bd4 24. Rxd2 Rxd2 25. Kf1 Kg7 26. Kg2 h6 27. Kf3 Kf6 28. Kg2 e5 29. Kf1 Kf5 30. Ke1 Ra2 31. Rd1 Ke4 32. Rd2 Bc3 33. f3+ Ke3 34. f4 Ra1# 0-1

[Event "Ruhrgebiet-ch Seniors 10th"]
[Site "Essen"]
[Date "2003.04.07"]
[Round "7"]
[White "Maletzki, Heinz"]
[Black "Stemmer, Harald"]
[Result "1/2-1/2"]
[WhiteElo "1526"]
[BlackElo "1818"]
[PlyCount "92"]
[EventDate "2003.04.??"]
[EventType "swiss"]
[EventRounds "9"]
[EventCountry "GER"]
[SourceTitle "EXT 2006"]
[Source "ChessBase"]
[SourceDate "2005.11.24"]
[SourceVersion "1"]
[SourceVersionDate "2005.11.24"]
[SourceQuality "1"]

1. c4 e6 2. d4 d5 3. cxd5 exd5 4. Nc3 c6 5. Nf3 Nf6 6. Bg5 Be7 7. e3 0-0 8. Bd3 Nbd7 9. h3 Re8 10. Qc2 Nf8 11. 0-0 Ng6 12. Bxg6 hxg6 13. Bxf6 Bxf6 14. Rae1 Bf5 15. Qd2 g5 16. g4 Bg6 17. b4 a5 18. bxa5 Rxa5 19. Kh1 Qa8 20. a4 Be4 21. Nxe4 dxe4 22. Nh2 Rxa4 23. Rb1 Ra2 24. Rb2 Rxb2 25. Qxb2 c5 26. Ra1 Qd8 27. Qxb7 cxd4 28. Rd1 d3 29. Nf1 Qa5 30. Qc6 Re6 31. Qc8+ Kh7 32. Kg2 Qa4 33. Rb1 Qc2 34. Qb7 Re7 35. Qb4 Qe2 36. Nd2 Re6 37. Qa5 Re5 38. Qb4 Be7 39. Qb2 Rc5 40. Qb4 Bd6 41. Qxe4+ g6 42. Qd4 Qxd2 43. Qxd6 Qc3 44. Rb7 Qc4 45. Rd7 Qe4+ 46. Kh2 Qf3 1/2-1/2

[Event "Ruhrgebiet-ch Seniors 10th"]
[Site "Essen"]
[Date "2003.04.02"]
[Round "6"]
[White "Stemmer, Harald"]
[Black "Kotlar, Alfred"]
[Result "0-1"]
[WhiteElo "1818"]
[BlackElo "1935"]
[PlyCount "102"]
[EventDate "2003.04.??"]
[EventType "swiss"]
[EventRounds "9"]
[EventCountry "GER"]
[SourceTitle "EXT 2006"]
[Source "ChessBase"]
[SourceDate "2005.11.24"]
[SourceVersion "1"]
[SourceVersionDate "2005.11.24"]
[SourceQuality "1"]

1. e4 d6 2. d4 Nf6 3. Nc3 g6 4. g3 Bg7 5. Bg2 c6 6. Nge2 0-0 7. 0-0 Nbd7 8. a4 e5 9. dxe5 dxe5 10. Bg5 Qc7 11. a5 Nc5 12. Qc1 Re8 13. h3 Be6 14. Bh6 Bh8 15. Qe3 Na6 16. Rfd1 Bg7 17. Bxg7 Kxg7 18. Kh2 h5 19. f4 h4 20. f5 hxg3+ 21. Nxg3 Rh8 22. Qg5 Bc8 23. fxg6 fxg6 24. Nf5+ Bxf5 25. exf5 Rh6 26. Ne4 Nxe4 27. Bxe4 Rah8 28. f6+ Kf7 29. Qg4 Nc5 30. b4 Ne6 31. Ra3 Qc8 32. Rg3 Nf4 33. Rd7+ Kf8 34. Bf5 Rxh3+ 35. Rxh3 Rxh3+ 36. Kg1 Rg3+ 37. Qxg3 Ne2+ 38. Kf2 Nxg3 39. Rf7+ Kxf7 40. Bxc8 Ne4+ 41. Kf3 Nd6 42. Bg4 Kxf6 43. Ke3 Nf5+ 44. Kd3 Nd6 45. c4 Ke7 46. c5 Nf5 47. Ke4 Kf6 48. Bd1 a6 49. Ba4 Ne7 50. Bb3 g5 51. Bc4 g4 0-1

[Event "Ruhr-ch Seniors 4th"]
[Site "Germany"]
[Date "1997.??.??"]
[Round "6"]
[White "Stemmer, Harald"]
[Black "Matthias, Kurt"]
[Result "1-0"]
[WhiteElo "1950"]
[BlackElo "1805"]
[PlyCount "117"]
[EventDate "1997.??.??"]
[EventType "swiss"]
[EventRounds "9"]
[EventCountry "GER"]
[SourceTitle "EXT 1999"]
[Source "ChessBase"]
[SourceDate "1998.11.16"]
[SourceVersion "1"]
[SourceVersionDate "1998.11.16"]
[SourceQuality "1"]

1. e4 e5 2. f4 exf4 3. Nf3 Nc6 4. d4 d6 5. Bxf4 Bg4 6. Be2 Nf6 7. Nc3 Nh5 8. Be3 Be7 9. Nd5 Nf6 10. Nc3 Bh5 11. 0-0 Bg6 12. Nd2 0-0 13. a3 Nd7 14. Bd3 Bg5 15. Qe2 Bxe3+ 16. Qxe3 Ne7 17. Rae1 c6 18. Ne2 f5 19. Nf4 fxe4 20. Bxe4 Qe8 21. Bxg6 Nxg6 22. Qb3+ Qf7 23. Ne6 Nf6 24. Nxf8 Kxf8 25. Qxf7+ Kxf7 26. Ne4 Rd8 27. g4 h6 28. g5 hxg5 29. Nxg5+ Kg8 30. Re6 d5 31. Kg2 Rd7 32. h3 Nf8 33. Re2 Ng6 34. Kf2 Nf4 35. Re3 b6 36. Kf3 Ng6 37. Rfe1 Nh4+ 38. Kf2 Ng6 39. Kg1 c5 40. c3 cxd4 41. cxd4 Rd8 42. Rc3 Ne8 43. Rec1 Rd7 44. Rc8 Re7 45. Kf2 Nf4 46. Kf3 Nd3 47. R1c7 Re1 48. Rxa7 Nxb2 49. Rb7 Nc4 50. Kf2 Ncd6 51. Kxe1 Nxc8 52. Kd2 Kf8 53. Ne6+ Kg8 54. Rb8 Ned6 55. Nc7 Kf7 56. Nxd5 Ke6 57. Nxb6 Nxb6 58. Rxb6 Kd5 59. Rxd6+ 1-0